Didáctica de la ortografía / (Record no. 15434)

MARC details
000 -CABECERA
campo de control de longitud fija 00689nam a2200205 a 4500
005 - FECHA Y HORA DE LA ÚLTIMA TRANSACCIÓN
campo de control 20220531063627.0
008 - ELEMENTOS DE LONGITUD FIJA--INFORMACIÓN GENERAL
campo de control de longitud fija 991125s1966 mx 000 0 spa u
035 ## - NÚMERO DE CONTROL DEL SISTEMA
Número de control de sistema UPN01000015434
049 ## - COLECCIÓN
Colección SEP
050 #4 - SIGNATURA TOPOGRÁFICA DE LA BIBLIOTECA DEL CONGRESO
Número de clasificación LB7
Número de documento/Ítem B5.6 no.54
100 1# - ASIENTO PRINCIPAL--NOMBRE PERSONAL
Nombre de persona Minjares Hernández, Julio
9 (RLIN) 29328
245 10 - MENCIÓN DE TÍTULO
Título Didáctica de la ortografía /
Mención de responsabilidad, etc. Julio Minjares, Hernández, Efrén Núñez Mata.
260 ## - PUBLICACIÓN, DISTRIBUCIÓN, ETC.
Lugar de publicación, distribución, etc. México :
Nombre del editor, distribuidor, etc. Oasis :
-- SEP,
Fecha de publicación, distribución, etc. 1966.
300 ## - DESCRIPCIÓN FÍSICA
Extensión 167 p.
440 #0 - MENCIÓN DE SERIE/ASIENTO SECUNDARIO--TÍTULO
Título Biblioteca pedagógica de mejoramiento profesional ;
Designación de volumen o secuencia 54
500 ## - NOTA GENERAL
Nota general Datos tomados de la cubierta
650 #7 - ASIENTO SECUNDARIO DE MATERIA - TERMINO TEMATICO
Término de materia o nombre geográfico como elemento de entrada Español
Subdivisión general Ortografía
Fuente del encabezamiento o término
9 (RLIN) 12600
700 1# - ASIENTO SECUNDARIO--NOMBRE DE PERSONAL
Nombre de persona Núñez Mata, Efrén,
Fechas asociadas al nombre 1890-1974
Término indicativo de función/relación coaut.
9 (RLIN) 29438
905 ## - TIPO DE MATERIAL
Tipo de material Libro
Holdings
Estado de retiro Estado de pérdida Fuente del sistema de clasificación o colocación Estado dañado No para préstamo Código de colección Localización permanente Ubicación/localización actual Ubicación en estantería Fecha de adquisición Clasificación Código de barras Fecha visto por última vez Número de copia Tipo de ítem Koha
    Library of Congress Classification   Coleccion SEP Colección SEP Bib. Gregorio Torres Quintero Bib. Gregorio Torres Quintero Colección SEP 09/05/2023 LB7 B5.6 no.54 25614 31/12/2020 1 Libro
    Library of Congress Classification   Coleccion SEP Colección SEP Bib. Gregorio Torres Quintero Bib. Gregorio Torres Quintero Colección SEP 09/05/2023 LB7 B5.6 no.54 61681 31/12/2020 1 Libro